Novela zákona o sociálnom poistení od 1. januára 2008

Pokračovanie príspevku o novele zákona o sociálnom poistení z predchádzajúceho čísla.

Guardado en:
Detalles Bibliográficos
Autor principal: Macková, Zuzana
Formato: Capítulo de libro
Lenguaje:eslovaco
Materias:
Etiquetas: Agregar Etiqueta
Sin Etiquetas, Sea el primero en etiquetar este registro!

MARC

LEADER 00000naa$a2200000$$$4500
001 0072543
005 20231127094658.5
041 0 |a slo 
044 |a SK 
245 1 0 |a Novela zákona o sociálnom poistení od 1. januára 2008  |c Zuzana Macková 
520 |a Pokračovanie príspevku o novele zákona o sociálnom poistení z predchádzajúceho čísla. 
610 2 0 |a novelizácia 
610 2 0 |a Slovensko 
610 2 0 |a zákony 
610 2 0 |a poistenie sociálne 
100 1 |a Macková, Zuzana